Rescuing social capital from social democracy. (Record no. 7687)

MARC details
000 -LEADER
fixed length control field 00674nam a22002177a 4500
003 - CONTROL NUMBER IDENTIFIER
control field OSt
005 - DATE AND TIME OF LATEST TRANSACTION
control field 20220215101147.0
008 - FIXED-LENGTH DATA ELEMENTS--GENERAL INFORMATION
fixed length control field 220215b ||||| |||| 00| 0 eng d
020 ## - INTERNATIONAL STANDARD BOOK NUMBER
International Standard Book Number 9780255365925
040 ## - CATALOGING SOURCE
Transcribing agency DDC
082 ## - DEWEY DECIMAL CLASSIFICATION NUMBER
Classification number 335.5 MEA 2007
100 ## - MAIN ENTRY--PERSONAL NAME
Personal name Meadowcroft, John: Mark Pennington
9 (RLIN) 15709
245 ## - TITLE STATEMENT
Title Rescuing social capital from social democracy.
260 ## - PUBLICATION, DISTRIBUTION, ETC. (IMPRINT)
Place of publication, distribution, etc. London :
Name of publisher, distributor, etc. Institute of Economic Affairs;
Date of publication, distribution, etc. ©2007
300 ## - PHYSICAL DESCRIPTION
Extent 107 pages ;
Dimensions 20 cm
504 ## - BIBLIOGRAPHY, ETC. NOTE
Bibliography, etc Includes bibliographical references.
650 ## - SUBJECT ADDED ENTRY--TOPICAL TERM
Topical term or geographic name as entry element Infrastructure (Economics) .
9 (RLIN) 15710
650 ## - SUBJECT ADDED ENTRY--TOPICAL TERM
Topical term or geographic name as entry element Markets.
9 (RLIN) 15711
650 ## - SUBJECT ADDED ENTRY--TOPICAL TERM
Topical term or geographic name as entry element Democracy -- Economic aspects.
9 (RLIN) 15712
942 ## - ADDED ENTRY ELEMENTS (KOHA)
Source of classification or shelving scheme Dewey Decimal Classification
Koha item type Book
Holdings
Withdrawn status Lost status Source of classification or shelving scheme Damaged status Not for loan Home library Current library Date acquired Source of acquisition Inventory number Total Checkouts Full call number Barcode Date last seen Price effective from Koha item type
    Dewey Decimal Classification     MUST Main Library MUST Main Library 15/02/2022 Purchase 14/38796   335.5 MEA 2007 2022-0176 15/02/2022 15/02/2022 Book